00625 a2200181 4500001000700000020001500007040002200022041001600044082002100060100005200081245002800133260003100161362001300192697011300205942000700318952009900325999001900424136218 a8502023926 cLeonardo Da Vinci aPortuguês a330 V448fbV448f aVASCONCELLOS, Marco Antonio SaGARCIA, Manuel E aFundamentos de economia bSaraivac1998aSão Paulo a19980000 aEconomiaaMicroeconomiaaMacroeconomiaaMercado financeiroaInflaçãoaDesenvolvimento econômicoaFIPEN cBK 00104070a71.1b71.1d2024-03-27l0o330 V448fpO013787r2024-03-27 22:36:20w2024-03-27yBK c136218d136218